| 000 | 00691nam a2200289Ia 4500 | ||
|---|---|---|---|
| 008 | 160803s9999 xx 000 0 und d | ||
| 020 | _a0 439385660 | ||
| 100 | _aRodda, Emily | ||
| 245 | _aRowan and the travelers / | ||
| 245 | _cEmily Rodda. | ||
| 260 | _aNew York : | ||
| 260 | _bScholastic Inc. | ||
| 260 | _c1994 | ||
| 300 | _a170 pages : | ||
| 300 | _bmap ; | ||
| 300 | _c20 cm | ||
| 650 | _aFantasy. | ||
| 650 | _aHeroes and heroines -- | ||
| 650 | _aHeroes and heroines -- | ||
| 650 | _aRiddles -- | ||
| 650 | _aRiddles -- | ||
| 650 | _xFiction. | ||
| 650 | _xFiction. | ||
| 650 | _xJuvenile fiction. | ||
| 650 | _xJuvenile fiction. | ||
| 700 | _a560 | ||
| 999 |
_c298484 _d298484 |
||